00665 2200217 4500001002100000005001500021035002000036007000300056008004100059020002200100082001200122084001800134100002000152245013500172250001000307260003900317300002800356700001700384700002400401600002200425INLIS00000000000346520190521111040 a0010-0519000057ta190521 g 0 ind  a978-979-055-538-9 a297. 73 a297. 73 SRI q0 aSRI, Al Hidayat1 aQur'anic Quetions & Answers: Nabi yang Disebut dalam Al Qur'an Bagian 2 /cSri Al Hidayat; editor, Abdul Wahab, Safitri Lusiana D. acet.3 aBandung :bSygma Kaya Imaji,c2018 a28 hlm :bilus ;c27 cm0 aABDUL, Wahab0 aSAFITRI, Luciana D. 4aISLAM. PENDIDIKAN